Alcuni brevi avvertimenti per la lingua toscana ricavati dal salviati, dal buommattei, dal facciolati, dal majello, dal cinonio, e da altri si aggiungono in fine le quattro regole principali dell'aritmetica di sant' Alfonso Maria de Liguori

Detalles Bibliográficos
Autor principal: Liguori, Alfonso María de santo 1696-1787
Formato: Libro
Lenguaje:Italian
Publicado: Torino 1830
Serie editorial:Opere del beato Alfonso Maria de Liguori classe prima opere ascetiche ; v. XXVIII. Avvertimenti per la lingua tosacana e regole dell' aritmetica regole della congregazione del ssmo. redentore regole per il ven. monastero di S. Maria regina coeli nella citt' d'Airola
Materias:
Colección:Banco de datos
Acervo:Biblioteca de la Congregación del Oratorio de San Felipe Neri de México. Iglesia La Profesa
Descripción Física:276 p. 16 cm.
Tema general:Ascética
Notas:Encuadernación en piel sobre cartón. Sello en tinta del Oratorio de San Felipe Neri de México. Biblioteca La Profesa, D.F. Daños de humedad
LEADER 01178nam a22001810004500
035 |a 2935 
041 0 |a ita 
100 1 |a Liguori, Alfonso María de  |c santo  |d 1696-1787 
245 1 0 |a Alcuni brevi avvertimenti per la lingua toscana ricavati dal salviati, dal buommattei, dal facciolati, dal majello, dal cinonio, e da altri si aggiungono in fine le quattro regole principali dell'aritmetica di sant' Alfonso Maria de Liguori 
260 |a Torino  |b presso Giacinto Marietti, tipografo-libraio  |c 1830 
300 |a 276 p.  |c 16 cm. 
440 0 |a Opere del beato Alfonso Maria de Liguori classe prima opere ascetiche ; v. XXVIII. Avvertimenti per la lingua tosacana e regole dell' aritmetica regole della congregazione del ssmo. redentore regole per il ven. monastero di S. Maria regina coeli nella citt' d'Airola 
500 |a Encuadernación en piel sobre cartón. Sello en tinta del Oratorio de San Felipe Neri de México. Biblioteca La Profesa, D.F. Daños de humedad 
650 1 0 |a Ascética 
949 |a Iglesia La Profesa, Biblioteca 6119 
942 |c PROFESA 
943 |g Biblioteca de la Congregación del Oratorio de San Felipe Neri de México. Iglesia La Profesa 
999 |c 949746  |d 949746